Normal view
MARC view
- Membranes (Technology)
Entry Topical Term
001 - CONTROL NUMBER
- control field: 1015
003 - CONTROL NUMBER IDENTIFIER
- control field: NUST
005 - DATE AND TIME OF LATEST TRANSACTION
- control field: 20170518104545.0
008 - FIXED-LENGTH DATA ELEMENTS
- fixed length control field: 170518|| aca||aabn | a|a d
040 ## - CATALOGING SOURCE
- Original cataloging agency: NUST
- Transcribing agency: NUST
150 ## - HEADING--TOPICAL TERM
- Topical term or geographic name entry element: Membranes (Technology)
670 ## - SOURCE DATA FOUND
- Source citation: Work cat.: (NUST)0: Membranes for industrial wastewater recovery and re-use /, c2003.
